Open Data Biblioteca Nacional de Portugal


República Portuguesa: Ministério da Cultura
Biblioteca Nacional de Portugal

Catálogo da BNP: acesso por Identificadores Unívocos
Registos Bibliográficos associados ao registo de autoridade

Etiqueta de registo: 00254nam 2200025 450
001 2286051
003 http://id.bnportugal.gov.pt/bib/catbnp/2286051
100 ## $a20260508d2025 k y0pory01030103ba
101 0# $apor
102 ## $aPT
105 ## $aa m 000yy
106 ## $ar
200 1# $aDo Aurignacense ao Gravettense no Sul da Península Ibérica$econtinuidade, mudança e variabilidade regional dos sistemas tecnológicos$fLuís Paulo Marques Gomes$gorient. João Carlos Teiga Zilhão
210 #9 $aLisboa$c[s.n.],$d2025
215 ## $aVII, 354, [49] f.$cil.$d30 cm
328 #1 $aTese dout. Arqueologia e Pré-História, Faculdade de Letras, Universidade de Lisboa, 2025
675 ## $a903.2.01(4-14)"63"(043)$vBN$zpor$31999508
675 ## $a902(46)(043)$vBN$zpor$31644274
700 #1 $aGomes,$bLuís Paulo Marques$31998046
702 #1 $aZilhão,$bJoão,$f1957-$4727$368855
801 #0 $aPT$bBN$gRPC
966 ## $lBN$mFGMON$sH.G. 89221 V.$x1
971 ## $cssilva$d20260508
972 ## $e0$z0$d20260616$vasantos
973 ## $ctrodrigues$d20260528
975 ## $e0$d20260618$viquintas

OpendataBNP@bnportugal.pt | Mais informação sobre acesso aos dados BNP